| 000 | 01051nam a22002657a 4500 | ||
|---|---|---|---|
| 005 | 20180309162336.0 | ||
| 010 | _a1516EN07 ENG-114970 | ||
| 020 |
_a9780670087501 _c499.00 |
||
| 020 |
_a9780143426110 _c399.00 (AV) |
||
| 035 | _aEN-98502 | ||
| 035 | _aB-612100-113 | ||
| 035 | _aB-663848 | ||
| 037 |
_adpl _bUBH/Ven |
||
| 037 | _bDBAD/PUB | ||
| 082 | _aN | ||
| 100 | _aDharamvir Bharati | ||
| 245 |
_aChander & Sudha: _cby Dharamvir Bharati ; translated from the Hindi by Poonam Saxena _ba story of middle-class life / |
||
| 260 |
_bPenguin Books _c2015 _aGurgaon |
||
| 270 |
_a7th Floor, Infinity Tower C, DLF Cyber City _bGurgaon _e122002 |
||
| 300 |
_a351p. _c21cm(Hb) |
||
| 700 | _a Saxena,Poonam | ||
| 942 |
_2ddc _cEN _mDHA _hN |
||
| 999 |
_c95908 _d95908 |
||